LEADER 01322nas 2200457- 450 001 9910136811003321 005 20241221110558.0 011 $a2471-1888 035 $a(OCoLC)942061571 035 $a(CKB)3710000000622910 035 $a(CONSER)--2016200260 035 $a(MiFhGG)68O6 035 $a(DE-599)ZDB2985106-3 035 $a(EXLCZ)993710000000622910 100 $a20160301a20159999 o-- a 101 0 $aeng 135 $aur||||||||||| 181 $ctxt$2rdacontent 182 $cc$2rdamedia 183 $acr$2rdacarrier 200 00$aAIMS microbiology 210 1$aSpringfield, MO :$cAIMS Press,$d[2015]- 215 $a1 online resource 300 $aRefereed/Peer-reviewed 517 1 $aAmerican Institute of Mathematical Sciences microbiology 531 10$aAIMS Microbiol 531 0 $aAIMS microbiol. 606 $aMicrobiology$vPeriodicals 606 $aMicrobiological Phenomena 606 $aMicrobiology$2fast$3(OCoLC)fst01019576 608 $aPeriodical. 608 $aPeriodicals.$2fast 615 0$aMicrobiology 615 2$aMicrobiological Phenomena. 615 7$aMicrobiology. 676 $a579 712 02$aAmerican Institute of Mathematical Sciences, 906 $aJOURNAL 912 $a9910136811003321 996 $aAIMS microbiology$92564952 997 $aUNINA